[Event "Wuerttemberg-ch KT"]
[Site "Gruenbach"]
[Date "2014.09.06"]
[Round "8"]
[White "Toelg, Wolfgang"]
[Black "Pape, Wolfgang"]
[Result "1/2-1/2"]
[WhiteElo "1768"]
[BlackElo "1920"]
[PlyCount "41"]
[EventDate "2014.08.30"]
[EventType "swiss"]
[EventRounds "9"]
[EventCountry "GER"]
[SourceTitle "EXT 2017"]
[Source "ChessBase"]
[SourceDate "2016.10.25"]
[SourceVersion "1"]
[SourceVersionDate "2016.10.25"]
[SourceQuality "1"]

1. e4 c6 2. d4 d5 3. e5 Bf5 4. Bd3 Bxd3 5. Qxd3 e6 6. Nf3 Be7 7. 0-0 Qb6 8. Nc3 Nd7 9. Na4 Qb5 10. Qxb5 cxb5 11. Nc3 b4 12. Nb5 Rc8 13. Nxa7 Rxc2 14. b3 Nb8 15. Be3 Nc6 16. Nb5 Kd7 17. Rfc1 Rxc1+ 18. Rxc1 h5 19. Bg5 Nh6 20. Bxe7 Kxe7 21. h3 1/2-1/2

[Event "Wuerttemberg-ch KT"]
[Site "Gruenbach"]
[Date "2014.08.31"]
[Round "2"]
[White "Mayer, Dietmar"]
[Black "Pape, Wolfgang"]
[Result "1/2-1/2"]
[WhiteElo "1772"]
[BlackElo "1920"]
[PlyCount "35"]
[EventDate "2014.08.30"]
[EventType "swiss"]
[EventRounds "9"]
[EventCountry "GER"]
[SourceTitle "EXT 2017"]
[Source "ChessBase"]
[SourceDate "2016.10.25"]
[SourceVersion "1"]
[SourceVersionDate "2016.10.25"]
[SourceQuality "1"]

1. e4 c6 2. d4 d5 3. exd5 Qxd5 4. Nf3 Bg4 5. Be2 Nf6 6. c4 Qd8 7. Nc3 e6 8. a3 Nbd7 9. 0-0 Be7 10. h3 Bh5 11. Bf4 Nb6 12. Re1 Bxf3 13. Bxf3 Nxc4 14. Qd3 Nb6 15. b4 Nbd5 16. Be5 Nxc3 17. Qxc3 Nd5 18. Bxd5 1/2-1/2

[Event "Wuerttemberg-ch KT"]
[Site "Gruenbach"]
[Date "2014.08.30"]
[Round "1"]
[White "Pape, Wolfgang"]
[Black "Kunz, Walter"]
[Result "0-1"]
[WhiteElo "1920"]
[BlackElo "2187"]
[PlyCount "60"]
[EventDate "2014.08.30"]
[EventType "swiss"]
[EventRounds "9"]
[EventCountry "GER"]
[SourceTitle "EXT 2017"]
[Source "ChessBase"]
[SourceDate "2016.10.25"]
[SourceVersion "1"]
[SourceVersionDate "2016.10.25"]
[SourceQuality "1"]

1. d4 d5 2. Nf3 Nf6 3. c3 e6 4. Bg5 Be7 5. Nbd2 Nbd7 6. Qc2 b6 7. e3 Bb7 8. Be2 c5 9. 0-0 0-0 10. Rfd1 Rc8 11. Bxf6 Nxf6 12. h3 Qc7 13. Ne5 Bd6 14. f4 Ne8 15. Bd3 g6 16. Ng4 cxd4 17. exd4 Bxf4 18. Nf3 f5 19. Nge5 Nf6 20. Qf2 Kg7 21. Qh4 Be3+ 22. Kh1 Ne4 23. Bxe4 fxe4 24. Ng5 Bxg5 25. Qxg5 Rf5 26. Qg4 Rcf8 27. h4 Qe7 28. Qh3 Ba6 29. Kg1 Rf4 30. g3 Rf2 0-1